00252nam a2200109Ia 4500008004100000041000800041082001200049100001700061245001900078260002700097300001800124240719s9999 xx 000 0 und d aeng a828 JAI aJaishankar S aThe Indian Way aNew DelhibCopper Coin a226 P.; 24 Cm